000
00310nam a2200121Ia 4500
008
190216s9999||||xx |||||||||||||| ||und||
100
_a
Nesmeyanov A N&Amp; Nesmeyanov N A
245
0
_a
Fundamentals Of Organic Chemistry
260
_b
Mir Publishers
_c
1974
300
_a
505p
650
_a
Chemistry
942
_c
BK
999
_c
2121
_d
2121